000
00388nam a2200109Ia 4500
008
221009s9999 xx 000 0 und d
082
_a
823/AMI
100
_a
त्रिपाठी, अमीश
_9
67747
245
0
_a
शिव रचना त्रय 3 वायुपुत्रों की शपथ
260
_b
वैस्टलैंड लिमिटेड
942
_c
BK
999
_c
64751
_d
64751